Nové trendy v marketingu a možnosti ich využitia v praxi diplomová práca

Gespeichert in:
Bibliographische Detailangaben
1. Verfasser: Tegelhofová, Paula
Körperschaft: Podnikovohospodárska fakulta EU so sídlom v Košiciach. Katedra obchodného podnikania
Weitere Verfasser: Jergová, Natália
Format: Buch
Sprache:Slowakisch
Veröffentlicht: Košice 2016
Tags: Tag hinzufügen
Keine Tags, Fügen Sie das erste Tag hinzu!

MARC

LEADER 00000nbm a2200000 4500
001 0217597
005 20161219132330.1
041 0 |a slo 
044 |a SK 
245 1 0 |a Nové trendy v marketingu a možnosti ich využitia v praxi  |b diplomová práca  |c Paula Tegelhofová ; školiteľ: Natália Jergová 
264 1 |a Košice  |c 2016 
300 |a 65 s. 
100 1 |a Tegelhofová, Paula 
700 1 |a Jergová, Natália 
710 2 |a Podnikovohospodárska fakulta EU so sídlom v Košiciach. Katedra obchodného podnikania